Adventures of tom Sawyer (Record no. 4246)

MARC details
000 -LEADER
fixed length control field 00522cam a2200205ua 4500
001 - CONTROL NUMBER
control field 5066
005 - DATE AND TIME OF LATEST TRANSACTION
control field 20260515113830.0
008 - FIXED-LENGTH DATA ELEMENTS--GENERAL INFORMATION
fixed length control field 120229n nyu |||gr||||Z||||||eng
020 ## - INTERNATIONAL STANDARD BOOK NUMBER
International Standard Book Number 0-19-283389-8
040 ## - CATALOGING SOURCE
Transcribing agency MAIN
082 ## - DEWEY DECIMAL CLASSIFICATION NUMBER
Classification number 823
100 ## - MAIN ENTRY--PERSONAL NAME
Personal name Twain, Mark,
Relator term Author,
245 11 - TITLE STATEMENT
Title Adventures of tom Sawyer
Statement of responsibility, etc. by Mark Twain
250 ## - EDITION STATEMENT
Edition statement 1st.
260 ## - PUBLICATION, DISTRIBUTION, ETC.
Place of publication, distribution, etc. New York:
Name of publisher, distributor, etc. Oxford university press,
Date of publication, distribution, etc. 1998.
300 ## - PHYSICAL DESCRIPTION
Extent 251p:
Dimensions 15cm.
653 ## - INDEX TERM--UNCONTROLLED
Uncontrolled term English fiction
700 ## - ADDED ENTRY--PERSONAL NAME
Personal name Mitchell, Lee Clark,
Relator term Editor.,
942 ## - ADDED ENTRY ELEMENTS (KOHA)
Koha item type Books
Holdings
Withdrawn status Lost status Damaged status Not for loan Home library Current library Shelving location Date acquired Total checkouts Full call number Barcode Date last seen Copy number Price effective from Koha item type
        Naharkatiya College Library Naharkatiya College Library General stacks 09/19/2020   823 | TWA 17228 09/19/2020 1 09/19/2020 Books